浙江省县级行政区划地图 County-level administrative divisions in Zhejiang Province - Statistics

General Stats
  • This quiz has been taken 255 times
  • The average score is 65 of 90
Answers on the Map
Answers color-coded by a green-red scale on the quiz's map according to % correct below.
 
Answer Stats
Answer % Correct
西湖区
93%
义乌市
93%
萧山区
89%
余杭区
89%
海宁市
89%
上城区
88%
慈溪市
88%
拱墅区
87%
钱塘区
86%
普陀区
86%
富阳区
85%
北仑区
85%
临安区
84%
建德市
84%
鄞州区
84%
余姚市
84%
诸暨市
84%
滨江区
83%
淳安县
83%
东阳市
83%
温岭市
83%
奉化区
82%
象山县
82%
柯桥区
82%
桐庐县
81%
镇海区
81%
南湖区
81%
嘉善县
81%
南浔区
80%
嵊泗县
80%
临平区
79%
鹿城区
79%
海盐县
79%
桐乡市
79%
嵊州市
78%
上虞区
77%
定海区
77%
天台县
77%
瑞安市
76%
越城区
76%
江山市
76%
海曙区
75%
宁海县
75%
苍南县
75%
平湖市
75%
玉环市
75%
乐清市
74%
临海市
74%
江北区
73%
长兴县
73%
安吉县
72%
永康市
72%
德清县
71%
婺城区
71%
仙居县
71%
新昌县
70%
龙港市
69%
吴兴区
69%
金东区
69%
秀洲区
67%
兰溪市
67%
岱山县
67%
路桥区
67%
景宁畲族自治县
67%
龙游县
66%
衢江区
65%
椒江区
65%
黄岩区
65%
青田县
65%
开化县
64%
缙云县
64%
洞头区
63%
永嘉县
63%
三门县
62%
柯城区
61%
武义县
59%
龙泉市
59%
莲都区
58%
瓯海区
57%
磐安县
57%
常山县
55%
龙湾区
54%
平阳县
54%
文成县
53%
浦江县
53%
泰顺县
51%
遂昌县
49%
松阳县
49%
云和县
49%
庆元县
43%
No matching quizzes found
Score Distribution
Percent of People with Each Score
Percentile by Number Answered
Your Score History
You have not taken this quiz